Opposites - Puns - Statistics

General Stats
  • This quiz has been taken 6 times
  • The average score is 5 of 10
Answer Stats
Word Opposite % Correct
Island Isn'tland
100%
Finland Foutland
67%
Situation Standuation
67%
Carpenter Carpexit
33%
Cupboard Cdownboard
33%
Distance Disn'ttance
33%
Fired Fiblue
33%
Window Losedow
33%
Wall Wnone
33%
Notification Yestification
33%
No matching quizzes found
Score Distribution
Percent of People with Each Score
Percentile by Number Answered
Your Score History
You have not taken this quiz